Tyanantar= thereafter / (Record no. 82279)

MARC details
000 -LEADER
fixed length control field 00664nam a22002177a 4500
005 - DATE AND TIME OF LATEST TRANSACTION
control field 20140422125345.0
010 ## - LCCN (DPL NO)
LC control number ENG-109231
020 ## - INTERNATIONAL STANDARD BOOK NUMBER
Terms of availability 250.00
International Standard Book Number 9780198097457
020 ## - INTERNATIONAL STANDARD BOOK NUMBER
Terms of availability 250.00
International Standard Book Number 019809745x
035 ## - SYSTEM CONTROL NUMBER
System control number EN-92764
037 ## - SOURCE OF ACQUISITION
Source of stock number/acquisition DBAD/PUB
082 ## - DEWEY DECIMAL CLASSIFICATION NUMBER
Classification number N
100 ## - MAIN ENTRY--PERSONAL NAME
Personal name Saniya
245 ## - TITLE STATEMENT
Title Tyanantar= thereafter /
Statement of responsibility, etc by Saniya; translated from Marathi by Maya Pandit
260 ## - PUBLICATION, DISTRIBUTION, ETC. (IMPRINT)
Name of publisher, distributor, etc Oxford University Press
Date of publication, distribution, etc 2013
Place of publication, distribution, etc New Delhi
270 ## - ADDRESS
City New Delhi
Postal code 110001
Address YMCA Library Building, 1 Jai Singh Road
300 ## - PHYSICAL DESCRIPTION
Extent xli,142p.
Dimensions 20cm(pbk)
490 ## - SERIES STATEMENT
Series statement Oxford novellas ; edited by Mini Krishnan
700 ## - ADDED ENTRY--PERSONAL NAME
Personal name Pandit, Maya
942 ## - ADDED ENTRY ELEMENTS (KOHA)
Source of classification or shelving scheme Dewey Decimal Classification
Item type English Books
Call number suffix SAN
Classification part N
Holdings
Withdrawn status Lost status Not for loan Collection code Home library Current library Date acquired Source of acquisition Cost, normal purchase price Full call number Barcode Copy number Cost, replacement price Koha item type
    Not For Loan Fiction D.B.Act.Division D.B.Act.Division 30/01/2014 DBAD/PUB 250.00 N SAN EN-92764 1 250.00 English Books

© Delhi Public Library
Hit Counter
free hit counter